000 00610nam a2200205Ia 4500
001 12661
003 GE_BSU
008 181216s||||||||xx |||||||||||||| ||und||
040 _cGE_BSU
080 _a635.21
245 _aКартофель
245 _bТрехлетние колхозные агрозоотехнические курсы
245 _cПод.ред.И.В.Якушина; Н.Я.Чмора. Ред.В.И.Сергеев
260 _aМосква
260 _bСельхозгиз
260 _c1955
300 _a266стр.илл.21см.
653 _aКартофель
942 _cBK
999 _c45832
_d45832